[Event "XVII Open B"]
[Site "Crema ITA"]
[Date "2016.09.02"]
[Round "2"]
[White "Battagin, Mose'"]
[Black "Biava, Pierluigi"]
[WhiteElo "1788"]
[BlackElo "1653"]
[Result "1-0"]
[PlyCount "95"]
[EventDate "2016.09.02"]

1. e4 g6 2. d4 b6 3. Nc3 Bg7 4. f4 e6 5. Nf3 Ne7 6. Bd3 d6 7. Qe2 Bb7 8. Be3 a6
9. g4 h5 10. g5 Qd7 11. Bf2 O-O 12. O-O Nbc6 13. a3 b5 14. Rad1 Rae8 15. Nb1 e5
16. d5 Qg4+ 17. Kh1 Nd8 18. Rg1 Qd7 19. fxe5 dxe5 20. b3 Nc8 21. c4 c6 22. Be1
cxd5 23. cxd5 Nd6 24. Bc3 Bxd5 25. Bc2 Ba8 26. Bb4 N8b7 27. Nc3 Rc8 28. Nd5 Rc6
29. Rd2 a5 30. Bc3 Qe6 31. Rgd1 Re8 32. Bd3 Qd7 33. Bb2 f5 34. gxf6 Bh6 35. Ne3
Qf7 36. Bxe5 Qxb3 37. Rg1 Kh7 38. Bxd6 Nxd6 39. e5 Nf5 40. Nxf5 gxf5 41. Bxf5+
Kh8 42. Qd3 Rc3 43. Rf1 Rxd3 44. Rxd3 Qc4 45. e6 Be4 46. f7 Rxe6 47. Rd8+ Bf8
48. Rxf8+ 1-0

[Event "XVII Open B"]
[Site "Crema ITA"]
[Date "2016.09.02"]
[Round "2"]
[White "Bisaro, Andrea"]
[Black "Peloni, Davide"]
[WhiteElo "1808"]
[BlackElo "1587"]
[Result "0-1"]
[PlyCount "100"]
[EventDate "2016.09.02"]

1. d4 d5 2. c4 e5 3. dxe5 d4 4. a3 Nc6 5. Nf3 Nge7 6. Bg5 Be6 7. Nbd2 Qd7 8. b4
Ng6 9. e3 dxe3 10. Bxe3 Ngxe5 11. Qb3 Rd8 12. Be2 Nd3+ 13. Bxd3 Qxd3 14. Qxd3
Rxd3 15. Ke2 Rd7 16. Rhd1 Bd6 17. Rac1 O-O 18. Ne4 Rfd8 19. Nxd6 Rxd6 20. Rxd6
Rxd6 21. h3 h6 22. Rc3 Rd8 23. Nd2 a6 24. Rd3 Re8 25. f4 Bf5 26. Rd5 Be6 27.
Rc5 Bd7 28. Kf2 Rc8 29. f5 f6 30. Rd5 Ne5 31. g4 Bc6 32. Rd4 Kf7 33. Bf4 Re8
34. Nb3 b6 35. c5 Ba4 36. Nd2 bxc5 37. bxc5 Bc6 38. Nc4 Bb5 39. Na5 Nd3+ 40.
Kg3 Nxf4 41. Kxf4 Re2 42. a4 Be8 43. Nb7 Ke7 44. Nd8 Bd7 45. c6 Be8 46. Ne6
Bxc6 47. Nxc7 a5 48. Nb5 Ra2 49. Nc3 Ra3 50. Nb5 Rf3# 0-1

[Event "XVII Open B"]
[Site "Crema ITA"]
[Date "2016.09.02"]
[Round "2"]
[White "Caccia, Mathias"]
[Black "Magnani, Carlo"]
[WhiteElo "1698"]
[BlackElo "1774"]
[Result "0-1"]
[PlyCount "106"]
[EventDate "2016.09.02"]

1. c4 c6 2. d4 d5 3. Nf3 Nf6 4. Nc3 e6 5. Bg5 Be7 6. e3 O-O 7. Rc1 Nbd7 8. cxd5
exd5 9. Bd3 Re8 10. O-O Nf8 11. h3 Ng6 12. Qc2 Be6 13. a3 Nd7 14. Bxe7 Qxe7 15.
b4 Rec8 16. Qb2 a6 17. a4 Qd6 18. b5 axb5 19. axb5 Qa3 20. Qxa3 Rxa3 21. Bxg6
hxg6 22. bxc6 bxc6 23. Ne2 c5 24. dxc5 Rxc5 25. Rxc5 Nxc5 26. Rd1 Ne4 27. Nfd4
Nc3 28. Nxc3 Rxc3 29. Nxe6 fxe6 30. Kf1 Kf7 31. Ke2 Kf6 32. Rd3 Rc2+ 33. Rd2
Rc3 34. Rd3 Rc2+ 35. Kf3 Kf5 36. Rd4 g5 37. Rg4 g6 38. e4+ dxe4+ 39. Rxe4 Rc3+
40. Re3 Rc4 41. g4+ Kf6 42. Kg3 Ra4 43. h4 gxh4+ 44. Kxh4 g5+ 45. Kh5 Rf4 46.
f3 Ra4 47. Re2 Ra8 48. Rxe6+ Kxe6 49. Kxg5 Rg8+ 50. Kh4 Kf6 51. f4 Ra8 52. Kg3
Kg6 53. Kh4 Ra3 0-1

[Event "XVII Open B"]
[Site "Crema ITA"]
[Date "2016.09.02"]
[Round "2"]
[White "Colombo, Luca"]
[Black "Silini, Bruno"]
[WhiteElo "1803"]
[BlackElo "1572"]
[Result "1-0"]
[PlyCount "95"]
[EventDate "2016.09.02"]

1. e4 c5 2. Nc3 e6 3. g3 b6 4. Bg2 Bb7 5. d3 Nf6 6. Nge2 d6 7. O-O Be7 8. f4
Nbd7 9. h3 a6 10. g4 h6 11. Ng3 Qc7 12. g5 Ng8 13. f5 hxg5 14. fxe6 fxe6 15.
Qg4 Ne5 16. Qxe6 Bc8 17. Qd5 Bb7 18. Qb3 c4 19. dxc4 Qc5+ 20. Rf2 Nf3+ 21. Bxf3
Rxh3 22. Kg2 Nf6 23. Nd1 g4 24. Be3 Qe5 25. Nf5 Rh2+ 26. Kf1 gxf3 27. Rxf3 Qxe4
28. Nd4 Qg6 29. Rf2 Rxf2+ 30. Bxf2 Bg2+ 31. Ke1 Ne4 32. Qa4+ Kf8 33. Qd7 Nc5
34. Qf5+ Bf6 35. Qxg6 Re8+ 36. Qxe8+ Kxe8 37. Nc3 Bg5 38. b4 Nd7 39. Rd1 Ne5
40. Ne6 Be7 41. Nd5 Nxc4 42. Nxe7 Kxe7 43. Nxg7 Ne5 44. Bxb6 Nc4 45. Bd4 d5 46.
Kf2 Bh3 47. Re1+ Kd7 48. Kg3 1-0

[Event "XVII Open B"]
[Site "Crema ITA"]
[Date "2016.09.02"]
[Round "2"]
[White "Colonetti, Fabio"]
[Black "Borboni, Paolo"]
[WhiteElo "1848"]
[BlackElo "1729"]
[Result "1-0"]
[PlyCount "92"]
[EventDate "2016.09.02"]

1. e4 e5 2. Nf3 Nc6 3. Bb5 a6 4. Ba4 Nf6 5. d3 d6 6. O-O Be7 7. c3 O-O 8. Re1
b5 9. Bc2 Bb7 10. Nbd2 Ne8 11. Nf1 g6 12. Ng3 Ng7 13. d4 Bf6 14. d5 Ne7 15. h3
Ne8 16. Nh2 Bg7 17. Bb3 Kh8 18. Bg5 f6 19. Bd2 f5 20. exf5 gxf5 21. Bg5 Bf6 22.
h4 Bxg5 23. hxg5 Ng6 24. Qh5 Qe7 25. Ne2 Qf7 26. Rad1 Ng7 27. Qh6 a5 28. a3
Rae8 29. Rd3 f4 30. Ng4 Nf5 31. Qh2 Re7 32. Rh3 Nfh4 33. Rxh4 Nxh4 34. Qxh4 Qg6
35. f3 Rg7 36. Qh3 Bc8 37. Kf2 Bxg4 38. Qxg4 Qxg5 39. Qxg5 Rxg5 40. Rh1 Rfg8
41. Rh2 R8g7 42. Bc2 Kg8 43. Bd3 Re7 44. Bxb5 e4 45. Nxf4 exf3 46. gxf3 c5 1-0

[Event "XVII Open B"]
[Site "Crema ITA"]
[Date "2016.09.02"]
[Round "2"]
[White "Cremonese, Giuseppina"]
[Black "Raimondi, Celso"]
[WhiteElo "1156"]
[BlackElo "1623"]
[Result "0-1"]
[PlyCount "56"]
[EventDate "2016.09.02"]

1. e4 c5 2. Nf3 e6 3. d4 cxd4 4. Nxd4 Nf6 5. Nc3 d6 6. Bc4 a6 7. O-O Be7 8. Re1
Qc7 9. Qd3 O-O 10. Bf4 e5 11. Be3 exd4 12. Bxd4 Nbd7 13. Bb3 b5 14. Qg3 Ne5 15.
Bd5 Bb7 16. a4 b4 17. Ne2 Nxd5 18. f4 Ng6 19. h4 Bxh4 20. Qg4 Bxe1 21. Rxe1 Nf6
22. Qg5 h6 23. Qf5 Bxe4 24. Ng3 Bxf5 25. Nxf5 Qxc2 26. Ne7+ Nxe7 27. Rxe7 Qd1+
28. Kh2 Qxd4 0-1

[Event "XVII Open B"]
[Site "Crema ITA"]
[Date "2016.09.02"]
[Round "2"]
[White "Esposito, Giuseppe"]
[Black "Piana, Bruno"]
[WhiteElo "1757"]
[BlackElo "1563"]
[Result "1-0"]
[PlyCount "87"]
[EventDate "2016.09.02"]

1. e4 c5 2. b4 cxb4 3. a3 Nc6 4. axb4 Nf6 5. d3 e6 6. c3 Qc7 7. Nf3 Be7 8. Ba3
O-O 9. Qc2 d6 10. d4 a5 11. b5 Na7 12. Bd3 e5 13. O-O Bg4 14. Nbd2 Rfe8 15.
Rab1 b6 16. h3 Bxf3 17. Nxf3 Nh5 18. Bc1 Rac8 19. Bd2 Nf6 20. Rfc1 Qb8 21. c4
d5 22. dxe5 dxc4 23. Bxc4 Nd7 24. Qa2 Rf8 25. e6 Ne5 26. Nxe5 Qxe5 27. exf7+
Kh8 28. Bd5 Bd6 29. g3 Rxc1+ 30. Bxc1 Bc5 31. Kg2 Nc8 32. Bb2 Qe7 33. e5 Qg5
34. Re1 Ne7 35. Qc4 Nf5 36. Qf4 Qd8 37. Be4 Rxf7 38. Bxf5 Qd5+ 39. Re4 a4 40.
g4 a3 41. Ba1 Be7 42. e6 Rf8 43. Qe5 Qxe5 44. Bxe5 1-0

[Event "XVII Open B"]
[Site "Crema ITA"]
[Date "2016.09.02"]
[Round "2"]
[White "Folcini, Gaddo"]
[Black "Oteri, Aldo"]
[WhiteElo "1570"]
[BlackElo "1803"]
[Result "0-1"]
[PlyCount "70"]
[EventDate "2016.09.02"]

1. d4 Nf6 2. e4 Nxe4 3. Nf3 d5 4. Ne5 e6 5. Nd2 Nxd2 6. Bxd2 Bd6 7. Bd3 c5 8.
Qg4 g6 9. Bg5 Be7 10. Bh6 cxd4 11. O-O Nc6 12. Bb5 Bd7 13. Bxc6 bxc6 14. Qxd4
c5 15. Qg4 f5 16. Qg3 Bh4 17. Qh3 Bf6 18. f4 Qe7 19. Rfe1 O-O-O 20. Qa3 Kb8 21.
b4 c4 22. Qa6 Rhe8 23. Re3 Qxb4 24. Kh1 Bxe5 25. fxe5 Bb5 26. a3 Qb2 27. Qxb5+
Qxb5 28. Ree1 Ka8 29. Be3 d4 30. Reb1 Qxe5 31. Bg5 Rb8 32. Re1 Qd5 33. Bf6 e5
34. a4 d3 35. cxd3 Rb2 0-1

[Event "XVII Open B"]
[Site "Crema ITA"]
[Date "2016.09.02"]
[Round "2"]
[White "Forti, Francesco"]
[Black "Zucchetti, Gregorio"]
[WhiteElo "1704"]
[BlackElo "1389"]
[Result "1-0"]
[PlyCount "39"]
[EventDate "2016.09.02"]

1. d4 e6 2. c4 d6 3. Nc3 Bd7 4. e4 Be7 5. Nf3 f5 6. Bd3 Nf6 7. O-O O-O 8. Re1
e5 9. dxe5 Nxe4 10. Nxe4 fxe4 11. Bxe4 Nc6 12. exd6 cxd6 13. b3 Bf6 14. Rb1 Qc8
15. Qxd6 Re8 16. Bb2 Be7 17. Qg3 g6 18. Bxg6 Bf8 19. Rxe8 Bxe8 20. Bxe8+ 1-0

[Event "XVII Open B"]
[Site "Crema ITA"]
[Date "2016.09.02"]
[Round "2"]
[White "Galli, Fabrizio"]
[Black "Casartelli, Fabio"]
[WhiteElo "1435"]
[BlackElo "1702"]
[Result "0-1"]
[PlyCount "48"]
[EventDate "2016.09.02"]

1. d4 d5 2. Nf3 Nf6 3. Bg5 Nbd7 4. e3 g6 5. Nbd2 Bg7 6. Bd3 O-O 7. O-O c5 8. c3
Re8 9. e4 cxd4 10. Nxd4 e5 11. N4f3 Nc5 12. Bb5 Bd7 13. Bxd7 Qxd7 14. exd5 Qxd5
15. Qc2 e4 16. Nd4 Qxg5 17. Rfe1 Rad8 18. b4 Ne6 19. Nxe4 Nxe4 20. Nxe6 Rxe6
21. Rxe4 Rxe4 22. Qxe4 Qd2 23. g3 Bxc3 24. Re1 Qxe1+ 0-1

[Event "XVII Open B"]
[Site "Crema ITA"]
[Date "2016.09.02"]
[Round "2"]
[White "Gorini, Michele"]
[Black "Righini, Giovanni"]
[WhiteElo "1604"]
[BlackElo "1850"]
[Result "1/2-1/2"]
[PlyCount "126"]
[EventDate "2016.09.02"]

1. Nf3 Nf6 2. c4 g6 3. b4 Bg7 4. Bb2 O-O 5. d3 d5 6. cxd5 Nxd5 7. Bxg7 Kxg7 8.
a3 a5 9. bxa5 Nc6 10. g3 Bg4 11. Bg2 Rxa5 12. O-O f6 13. Qb3 Nb6 14. Nbd2 Qd7
15. Rfc1 Rfa8 16. Nc4 Nxc4 17. Rxc4 Be6 18. Nd2 Bxc4 19. Nxc4 R5a7 20. e3 e5
21. Nd2 Rd8 22. Ne4 b6 23. h4 Ra5 24. Rc1 Rd5 25. Nxf6 Kxf6 26. Bxd5 Na5 27.
Qc3 Qxd5 28. Qxc7 Qd6 29. Qxh7 Qe7 30. Qh6 Rxd3 31. Qh8+ Kf5 32. Rc8 Kg4 33.
Rc2 Qb7 34. Qc8+ Qxc8 35. Rxc8 Rxa3 36. Rg8 Kf5 37. g4+ Kf6 38. h5 gxh5 39.
gxh5 Kf7 40. Rg6 b5 41. Rb6 Rb3 42. h6 Nc4 43. Rb7+ Kg8 44. Kg2 e4 45. Kg3 Rb2
46. Rc7 Nd6 47. h7+ Kh8 48. Rd7 Rd2 49. Kf4 Rxf2+ 50. Ke5 Nc4+ 51. Kxe4 b4 52.
Rc7 Nd6+ 53. Kd3 b3 54. Rc6 b2 55. Rb6 Kxh7 56. e4 Kg7 57. e5 Nc8 58. Rb4 Ne7
59. Rb7 Kf8 60. Ke4 Rh2 61. e6 Re2+ 62. Kd3 Rh2 63. Ke4 Re2+ 1/2-1/2

[Event "XVII Open B"]
[Site "Crema ITA"]
[Date "2016.09.02"]
[Round "2"]
[White "Haller, Quentin"]
[Black "Sparber, Werner"]
[WhiteElo "1561"]
[BlackElo "1785"]
[Result "1-0"]
[PlyCount "51"]
[EventDate "2016.09.02"]

1. d4 d5 2. c4 e6 3. Nc3 Nf6 4. Nf3 Be7 5. Bf4 O-O 6. e3 c6 7. c5 Nbd7 8. b4
Nh5 9. Bg3 Nxg3 10. hxg3 Qc7 11. Bd3 f5 12. Nd2 e5 13. Nb3 exd4 14. Nxd4 Qe5
15. a3 Nf6 16. Qd2 Ng4 17. Nf3 Qc7 18. Nh2 Nxh2 19. Rxh2 a5 20. Qd1 Bf6 21. Rc1
axb4 22. axb4 d4 23. exd4 Bxd4 24. Bc4+ Kh8 25. Rxh7+ Kxh7 26. Qh5# 1-0

[Event "XVII Open B"]
[Site "Crema ITA"]
[Date "2016.09.02"]
[Round "2"]
[White "Lussetti, Jacopo"]
[Black "Paniga, Danilo"]
[WhiteElo "1632"]
[BlackElo "1764"]
[Result "0-1"]
[PlyCount "82"]
[EventDate "2016.09.02"]

1. d4 f5 2. Bg5 h6 3. Bh4 g5 4. Bg3 Nf6 5. e3 Bg7 6. Bd3 d6 7. c4 O-O 8. Qc2
Nh5 9. Ne2 e5 10. dxe5 dxe5 11. f3 Nc6 12. a3 f4 13. exf4 Nxf4 14. Bxf4 exf4
15. Nbc3 Ne5 16. Bh7+ Kh8 17. Rd1 Qe7 18. Nd5 Qc5 19. b4 Qxc4 20. Qxc4 Nxc4 21.
Be4 c6 22. Ne7 Re8 23. Nxc8 Raxc8 24. Rd7 Rcd8 25. Rc7 Ne3 26. Kf2 Rd2 27. Bg6
Ng4+ 28. fxg4 Bd4+ 29. Ke1 Rexe2+ 30. Kf1 Bf2 31. Rc8+ Kg7 32. Re8 Be3 33. Bb1
Rf2+ 34. Ke1 Rb2 35. Be4 Rfe2+ 36. Kf1 Red2 37. Ke1 Ra2 38. Re7+ Kf6 39. Bb1
Ra1 40. Rxe3 fxe3 41. Rf1+ Ke7 0-1

[Event "XVII Open B"]
[Site "Crema ITA"]
[Date "2016.09.02"]
[Round "2"]
[White "Maraschi, Alberto"]
[Black "Ferrari, Paolo"]
[WhiteElo "1311"]
[BlackElo "1690"]
[Result "0-1"]
[PlyCount "98"]
[EventDate "2016.09.02"]

1. e4 c5 2. Nf3 d6 3. d4 cxd4 4. Nxd4 Nf6 5. Nc3 g6 6. Be3 Bg7 7. Be2 O-O 8.
O-O Nc6 9. a3 Bd7 10. f4 Qb6 11. Bf2 Nxe4 12. Na4 Qc7 13. Be3 Rac8 14. Nxc6
Bxc6 15. Bd3 Bxa4 16. Bxe4 Bxc2 17. Bxc2 Qxc2 18. Qd5 Qc6 19. Qb3 a6 20. Rac1
Qd7 21. Rce1 Rc6 22. Rf2 Rfc8 23. Ref1 e6 24. g4 f5 25. h3 d5 26. Qd1 Qc7 27.
Qe2 Rc2 28. Bd2 Kf7 29. Re1 Qd6 30. b4 Bd4 31. gxf5 Bxf2+ 32. Qxf2 gxf5 33. Qe2
Rg8+ 34. Kh1 d4 35. Qh5+ Kf6 36. Qh4+ Kf7 37. Qh5+ Kg7 38. Qg5+ Kh8 39. Qf6+
Rg7 40. Re2 Qe7 41. Qxd4 Kg8 42. Qe3 Rg6 43. Kh2 Rc4 44. Bc3 Re4 45. Qd2 Rxe2+
46. Qxe2 Qc7 47. Be5 Qc1 48. Qf2 Qxa3 49. Qd2 Qg3+ 0-1

[Event "XVII Open B"]
[Site "Crema ITA"]
[Date "2016.09.02"]
[Round "2"]
[White "Marzatico, Luca"]
[Black "Pisani, Valerio"]
[WhiteElo "1802"]
[BlackElo "1710"]
[Result "1-0"]
[PlyCount "134"]
[EventDate "2016.09.02"]

1. e4 g6 2. d4 Bg7 3. Nf3 d6 4. Nc3 a6 5. Be2 Nf6 6. h3 b5 7. a3 Bb7 8. Qd3 O-O
9. O-O Nbd7 10. Bg5 c5 11. Bxf6 Bxf6 12. d5 Qb6 13. Nd2 Rac8 14. Kh1 Ne5 15.
Qg3 b4 16. Nd1 a5 17. f4 Nd7 18. Nc4 Qd8 19. e5 dxe5 20. fxe5 Bg7 21. Nde3 Ba6
22. Rf2 Bxc4 23. Nxc4 Rb8 24. e6 fxe6 25. Rxf8+ Nxf8 26. dxe6 Nxe6 27. Nxa5 Nd4
28. Bc4+ Kh8 29. Bd3 bxa3 30. c3 Rxb2 31. Nc4 Ne2 32. Bxe2 Rxe2 33. Rxa3 Re4
34. Qf3 Re1+ 35. Kh2 Qc7+ 36. g3 Bf6 37. Ra8+ Kg7 38. Ne3 Qe5 39. Ng2 Qe4 40.
Nxe1 Qxe1 41. Rc8 Qd2+ 42. Kh1 Qe1+ 43. Kg2 Qd2+ 44. Kf1 Qc1+ 45. Kg2 Qd2+ 46.
Kh1 Qe1+ 47. Kh2 Qd2+ 48. Qg2 Qxc3 49. Qa2 Qe3 50. h4 Kh6 51. Rc6 Bd4 52. Qg2
Qe5 53. Qf3 Kg7 54. Ra6 c4 55. Ra2 Bb2 56. Ra8 Kh6 57. Qf8+ Kh5 58. Qf3+ Kh6
59. Rd8 e6 60. Rc8 c3 61. Qf8+ Qg7 62. Qf3 Qe5 63. Rc4 Qf5 64. Qe3+ Kg7 65.
Rc7+ Kf6 66. Qd4+ e5 67. Qd6+ Qe6 1-0

[Event "XVII Open B"]
[Site "Crema ITA"]
[Date "2016.09.02"]
[Round "2"]
[White "Persico, Lorenzo"]
[Black "Bonoldi, Fabio"]
[WhiteElo "1573"]
[BlackElo "1838"]
[Result "1/2-1/2"]
[PlyCount "63"]
[EventDate "2016.09.02"]

1. e4 d6 2. d4 Nf6 3. Nc3 g6 4. Nf3 Bg7 5. Bd3 O-O 6. O-O Nc6 7. Be3 Ng4 8. Qd2
Nxe3 9. Qxe3 Bg4 10. d5 Nb4 11. h3 Bxf3 12. Qxf3 Nxd3 13. Qxd3 c5 14. Rfb1 a6
15. a4 Qd7 16. Nd1 b5 17. axb5 axb5 18. c3 Qb7 19. Ra3 Ra6 20. Rba1 Rfa8 21.
Qb1 Rxa3 22. Rxa3 Rxa3 23. bxa3 Qa6 24. Qb3 Qa5 25. Kh2 Bh6 26. Ne3 Bxe3 27.
fxe3 Kg7 28. Kg3 Qa4 29. Qxa4 bxa4 30. Kf4 Kf6 31. h4 h5 32. c4 1/2-1/2

[Event "XVII Open B"]
[Site "Crema ITA"]
[Date "2016.09.02"]
[Round "2"]
[White "Pinna, Ferdinando"]
[Black "Mapelli, Davide"]
[WhiteElo "1894"]
[BlackElo "1735"]
[Result "1-0"]
[PlyCount "91"]
[EventDate "2016.09.02"]

1. c4 f5 2. g3 Nf6 3. Nc3 g6 4. Bg2 Bg7 5. Nf3 O-O 6. O-O d6 7. d4 Nh5 8. e3 e5
9. dxe5 dxe5 10. Qd5+ Qxd5 11. Nxd5 Rf7 12. Ng5 Rd7 13. Ne6 Na6 14. Nxg7 Kxg7
15. b3 c6 16. Nc3 e4 17. Bb2 Nf6 18. Rad1 Nc5 19. Rxd7+ Bxd7 20. Rd1 Nd3 21.
Ba1 Be6 22. Bxe4 Nc5 23. Bg2 Kf7 24. Bb2 Ke8 25. Ne2 Nfe4 26. f3 Ng5 27. h4 Nf7
28. Nf4 Rd8 29. Rxd8+ Nxd8 30. Bd4 Nd7 31. Nxe6 Nxe6 32. b4 c5 33. bxc5 Ndxc5
34. Bxc5 Nxc5 35. e4 Nd3 36. exf5 gxf5 37. Bf1 Ne5 38. Kf2 Kd7 39. Ke3 Kd6 40.
Kf4 Ke6 41. h5 h6 42. g4 fxg4 43. fxg4 Nf7 44. Bg2 Nd6 45. Bd5+ Ke7 46. c5 1-0

[Event "XVII Open B"]
[Site "Crema ITA"]
[Date "2016.09.02"]
[Round "2"]
[White "Scarpellini, Felice"]
[Black "Avathanshu, Bhat"]
[WhiteElo "1652"]
[BlackElo "1293"]
[Result "0-1"]
[PlyCount "90"]
[EventDate "2016.09.02"]

1. c4 Nf6 2. g3 e6 3. Bg2 c5 4. e3 Nc6 5. Ne2 Be7 6. O-O O-O 7. d4 cxd4 8. exd4
d5 9. b3 b6 10. Nbc3 Bb7 11. cxd5 Nxd5 12. Bb2 Ba6 13. Re1 Rc8 14. a3 Bf6 15.
b4 Nxc3 16. Nxc3 Qxd4 17. Na4 Qxd1 18. Rexd1 Bxb2 19. Nxb2 Bb7 20. Nc4 Ba8 21.
Ne3 Ne5 22. Bxa8 Rxa8 23. Kg2 Rfd8 24. Rxd8+ Rxd8 25. Rd1 Rxd1 26. Nxd1 b5 27.
Nc3 a6 28. Ne4 Nc4 29. Nc5 Nxa3 30. Nxa6 Kf8 31. Kf3 Ke7 32. Ke4 Kd6 33. Nc5 g5
34. Nd3 Nc2 35. g4 f6 36. h3 h6 37. f3 Ke7 38. f4 Kd6 39. fxg5 hxg5 40. Kf3 Kd5
41. Ke2 Kc4 42. Nc5 Kxb4 43. Nxe6 Kc3 44. Nc5 b4 45. Nd3 b3 0-1

[Event "XVII Open B"]
[Site "Crema ITA"]
[Date "2016.09.02"]
[Round "2"]
[White "Tagliaferri, Valerio"]
[Black "Simeone, Giulio Maria"]
[WhiteElo "1785"]
[BlackElo "1641"]
[Result "1-0"]
[PlyCount "49"]
[EventDate "2016.09.02"]

1. c4 g6 2. Nc3 Bg7 3. g3 e5 4. Bg2 Ne7 5. Nf3 Nbc6 6. d3 O-O 7. Rb1 a5 8. O-O
d6 9. a3 Be6 10. Re1 f5 11. e3 Qd7 12. Ng5 Nd8 13. Nxe6 Qxe6 14. Nd5 c6 15. Nc7
Qc8 16. Nxa8 Qxa8 17. b4 d5 18. Qa4 b6 19. Bd2 Nb7 20. cxd5 cxd5 21. Qd7 Re8
22. Rec1 Qa6 23. Qxe8+ Bf8 24. b5 Qa7 25. Rc7 1-0

[Event "XVII Open B"]
[Site "Crema ITA"]
[Date "2016.09.02"]
[Round "2"]
[White "Tiraboschi, Nicolo'"]
[Black "Annicchiarico, Luigi"]
[WhiteElo "1723"]
[BlackElo "1804"]
[Result "1-0"]
[PlyCount "111"]
[EventDate "2016.09.02"]

1. e4 e6 2. d3 d5 3. Nd2 Nf6 4. g3 c5 5. Bg2 Nc6 6. Ngf3 Be7 7. O-O O-O 8. Re1
b6 9. e5 Nd7 10. Nf1 Bb7 11. h4 Rc8 12. N1h2 Re8 13. Ng4 Nd4 14. Ng5 h6 15. Nh3
f5 16. exf6 Bxf6 17. c3 Nb5 18. Nf4 Nc7 19. Bh3 Nf8 20. Nh5 Nh7 21. Bxh6 gxh6
22. Nxh6+ Kf8 23. Qg4 Ng5 24. hxg5 Bxg5 25. Qf3+ Ke7 26. Nf7 d4 27. Qxb7 Kxf7
28. Qf3+ Kg6 29. Qg4 Kh6 30. Nf4 Qf6 31. Nxe6 Nxe6 32. Rxe6 Rxe6 33. Qxe6 Qxe6
34. Bxe6 Re8 35. Bg4 dxc3 36. bxc3 Bd2 37. c4 Re1+ 38. Rxe1 Bxe1 39. Kg2 Kg6
40. f4 Kf6 41. Kf3 Bc3 42. Bd7 Kg6 43. g4 Kf6 44. Ke4 Bd2 45. Bc6 Bc3 46. Bd5
a5 47. a4 Bb2 48. g5+ Kg7 49. Be6 Bc1 50. Bg4 Kg6 51. Bf3 Kg7 52. Kf5 Bd2 53.
Kg4 Be3 54. Be4 Bd2 55. f5 Be3 56. f6+ 1-0

[Event "XVII Open B"]
[Site "Crema ITA"]
[Date "2016.09.02"]
[Round "2"]
[White "Vargiu, Antonio"]
[Black "Bongiorni, Gabriele"]
[WhiteElo "1654"]
[BlackElo "1795"]
[Result "1-0"]
[PlyCount "58"]
[EventDate "2016.09.02"]

1. e4 c5 2. c3 d5 3. exd5 Qxd5 4. d4 Nf6 5. Nf3 Nc6 6. Be2 e6 7. Na3 Be7 8. O-O
a6 9. Nc4 Qd8 10. Bg5 cxd4 11. cxd4 O-O 12. Rc1 b5 13. Ne3 Bb7 14. a3 Rc8 15.
Qd3 Nd5 16. Bxe7 Ndxe7 17. Rfd1 Nd5 18. Nxd5 Qxd5 19. Rc5 Qd7 20. Ng5 g6 21.
Qh3 f5 22. d5 exd5 23. Rcxd5 Qg7 24. Rd7 Ne7 25. Rxb7 Rfd8 26. Qb3+ Rd5 27.
Rxd5 Rc1+ 28. Rd1+ Kh8 29. Rxc1 Qe5 1-0

[Event "XVII Open B"]
[Site "Crema ITA"]
[Date "2016.09.03"]
[Round "3"]
[White "Andolfatto, Maria"]
[Black "Colonetti, Fabio"]
[WhiteElo "1772"]
[BlackElo "1848"]
[Result "1/2-1/2"]
[PlyCount "41"]
[EventDate "2016.09.02"]

1. c4 e6 2. d4 b6 3. Nf3 Bb7 4. e3 f5 5. Nc3 Nf6 6. Bd3 g6 7. a3 Bg7 8. b4 d6
9. Bb2 O-O 10. O-O Nbd7 11. Bc2 Ne4 12. Nd2 Nxd2 13. Qxd2 Qh4 14. f4 g5 15. Ne2
g4 16. Qe1 Qe7 17. Ng3 d5 18. cxd5 Bxd5 19. e4 fxe4 20. Nxe4 Bxe4 21. Bxe4
1/2-1/2

[Event "XVII Open B"]
[Site "Crema ITA"]
[Date "2016.09.03"]
[Round "3"]
[White "Annicchiarico, Luigi"]
[Black "Ferrari, Paolo"]
[WhiteElo "1804"]
[BlackElo "1690"]
[Result "1-0"]
[PlyCount "77"]
[EventDate "2016.09.02"]

1. e4 c5 2. Nf3 d6 3. d4 cxd4 4. Qxd4 Nc6 5. Bb5 Bd7 6. Bxc6 Bxc6 7. c4 Nf6 8.
Nc3 g6 9. O-O Bg7 10. Re1 O-O 11. Qd2 Rc8 12. Nd4 Bd7 13. b3 a6 14. Bb2 Rc5 15.
Qe2 Qb8 16. a4 Rcc8 17. Rad1 Rcd8 18. h3 Bc6 19. Nd5 Rfe8 20. Nxf6+ Bxf6 21.
Nxc6 bxc6 22. Bxf6 exf6 23. Qc2 Re7 24. Re3 Rde8 25. Qd3 Rd8 26. c5 Red7 27.
Qxa6 dxc5 28. Red3 Rxd3 29. Rxd3 Rxd3 30. Qxd3 Qb6 31. Qc3 Kg7 32. g4 g5 33. a5
Qb5 34. e5 h6 35. exf6+ Kg6 36. Qf3 c4 37. Qf5+ Qxf5 38. gxf5+ Kxf6 39. bxc4
1-0

[Event "XVII Open B"]
[Site "Crema ITA"]
[Date "2016.09.03"]
[Round "3"]
[White "Biava, Pierluigi"]
[Black "Colombo, Luca"]
[WhiteElo "1653"]
[BlackElo "1803"]
[Result "0-1"]
[PlyCount "80"]
[EventDate "2016.09.02"]

1. g3 d5 2. b3 Nf6 3. Bb2 c6 4. Bg2 Bf5 5. d3 Nbd7 6. Nf3 h6 7. Nbd2 e6 8. c4
Be7 9. Nh4 Bh7 10. cxd5 exd5 11. h3 O-O 12. g4 Re8 13. Nf5 Bxf5 14. gxf5 Bd6
15. e3 Be5 16. d4 Bd6 17. Qf3 Qa5 18. a3 Qb6 19. O-O Ne4 20. Nxe4 dxe4 21. Qd1
Nf6 22. Qc2 Qb5 23. f3 Qxf5 24. fxe4 Qg6 25. Kh1 Nxe4 26. Bxe4 Qxe4+ 27. Qxe4
Rxe4 28. Rf3 Rae8 29. Bc1 c5 30. d5 R8e5 31. Rf4 Rxf4 32. exf4 Rxd5 33. Kg2 Rd3
34. Rb1 Rd1 35. Kf3 f6 36. Ke4 Kf7 37. Ra1 Rd4+ 38. Kf3 Rd3+ 39. Be3 Rxb3 40.
Rd1 Ke7 0-1

[Event "XVII Open B"]
[Site "Crema ITA"]
[Date "2016.09.03"]
[Round "3"]
[White "Bonoldi, Fabio"]
[Black "Caccia, Mathias"]
[WhiteElo "1838"]
[BlackElo "1698"]
[Result "1/2-1/2"]
[PlyCount "83"]
[EventDate "2016.09.02"]

1. c4 c6 2. g3 d5 3. cxd5 cxd5 4. Bg2 Nf6 5. d3 Nc6 6. Nf3 Bf5 7. O-O e6 8. a3
h6 9. Nbd2 Be7 10. Nb3 Rc8 11. Be3 O-O 12. Rc1 e5 13. Bc5 b6 14. Bxe7 Qxe7 15.
e3 Rc7 16. Qe2 Rfc8 17. Rfd1 Bg4 18. h3 Bh5 19. g4 Bg6 20. Nh2 Nb8 21. Rxc7
Rxc7 22. Rc1 Rxc1+ 23. Nxc1 Qc5 24. Qd2 Na6 25. Ne2 Qb5 26. Nc3 Qxd3 27. Qxd3
Bxd3 28. Nxd5 Nxd5 29. Bxd5 Kf8 30. Nf3 f6 31. Ne1 Bg6 32. Kg2 Ke7 33. Kf3 Kd6
34. Bc4 Nc5 35. b3 a5 36. a4 Be8 37. Ke2 Bc6 38. Nf3 Bd5 39. Bxd5 Kxd5 40. Nd2
e4 41. f3 g5 42. f4 1/2-1/2

[Event "XVII Open B"]
[Site "Crema ITA"]
[Date "2016.09.03"]
[Round "3"]
[White "Borboni, Paolo"]
[Black "Gorini, Michele"]
[WhiteElo "1729"]
[BlackElo "1604"]
[Result "0-1"]
[PlyCount "72"]
[EventDate "2016.09.02"]

1. d4 b6 2. c4 Bb7 3. Nc3 Nf6 4. f3 e6 5. e4 d6 6. Be3 Be7 7. Qd2 Nbd7 8. Bd3
c6 9. Nge2 e5 10. d5 c5 11. O-O-O a6 12. g4 b5 13. cxb5 Qc7 14. bxa6 Bxa6 15.
Bxa6 Rxa6 16. Ng3 Nb6 17. Qe2 Qb7 18. Nf5 g6 19. Nxe7 Kxe7 20. Bg5 h6 21. Bxf6+
Kxf6 22. h4 Rb8 23. g5+ hxg5 24. hxg5+ Ke7 25. Rh7 Nc4 26. b3 Na5 27. Qb2 Nc4
28. Qe2 Na5 29. Qc2 Qb4 30. Kd2 c4 31. Ke2 cxb3 32. axb3 Rc8 33. Qd3 Ra7 34.
Qe3 Rac7 35. Rc1 Nxb3 36. Na2 Nxc1+ 0-1

[Event "XVII Open B"]
[Site "Crema ITA"]
[Date "2016.09.03"]
[Round "3"]
[White "Casartelli, Fabio"]
[Black "Avathanshu, Bhat"]
[WhiteElo "1702"]
[BlackElo "1293"]
[Result "1/2-1/2"]
[PlyCount "158"]
[EventDate "2016.09.02"]

1. d4 Nf6 2. Nf3 e6 3. Bf4 Bb4+ 4. c3 Be7 5. Nbd2 d5 6. c4 c5 7. cxd5 exd5 8.
e3 Nc6 9. Be2 Be6 10. O-O O-O 11. Rc1 c4 12. a3 a5 13. Qc2 Qd7 14. e4 dxe4 15.
Nxe4 Nxd4 16. Nxd4 Qxd4 17. Nxf6+ Bxf6 18. Be3 Qxb2 19. Bxc4 Bxc4 20. Qxc4 Qxa3
21. Bc5 Rfc8 22. Bxa3 Rxc4 23. Rxc4 b5 24. Rc7 b4 25. Rfc1 Re8 26. Rc8 Kf8 27.
Bxb4+ axb4 28. Kf1 b3 29. Rxe8+ Kxe8 30. Ke2 Kd7 31. Kd3 b2 32. Re1 Kd6 33. Kc2
Kc5 34. f3 Kc4 35. g4 h6 36. f4 Kd5 37. h3 Kd6 38. g5 hxg5 39. fxg5 Bxg5 40.
Kxb2 f5 41. Kc2 f4 42. Kd3 Kd5 43. Re8 Bh4 44. Ke2 g5 45. Kf3 Kd6 46. Kg4 Kd5
47. Re7 Kd6 48. Re8 Kd7 49. Re4 Kd6 50. Kf3 Kd5 51. Re8 Kd6 52. Ke4 Kd7 53. Re5
Kd6 54. Ra5 Kc6 55. Ra6+ Kb5 56. Rf6 Kc5 57. Ke5 Kc4 58. Ke4 Kc5 59. Rh6 Kc4
60. Rc6+ Kb5 61. Rc8 Kb6 62. Kf3 Kb7 63. Rc4 Kb6 64. Ke4 Kb5 65. Rc8 Kb6 66.
Rc3 Kb5 67. Kd5 Kb4 68. Rf3 Bg3 69. Kd4 Bh4 70. Rf1 Kb3 71. Rc1 Kb2 72. Rf1 Kc2
73. Ke4 Kd2 74. Ra1 Kc2 75. Ra3 Kb2 76. Rf3 Kc2 77. Kf5 Kd2 78. Kg4 Ke2 79. Ra3
Kf2 1/2-1/2